Vienna U-Bahn - Statistics

General Stats
  • This quiz has been taken 94 times
  • The average score is 4 of 5
Answer Stats
Hint Answer % Correct
Schonbrunn U4
94%
Nestroyplatz U1
89%
Erdberg U3
83%
Donaumarina U2
80%
Alterlaa U6
48%
No matching quizzes found
Score Distribution
Percent of People with Each Score
Percentile by Number Answered
Your Score History
You have not taken this quiz